Responses for show #7160 - Friday, October 30, 2015

Contestants

Justin Morales, a graduate student from Omaha, Nebraska

Katie Walker, a biomedical science teacher from Chapel Hill, North Carolina

Nikki Grillos, a freelance associate casting director from New York, New York (whose 2-day cash winnings total $30,802)

Jeopardy! Round responses

LORD OF THE JUNGLE
THERE'S A COLOR IN MY BRAND
DAY OF THE DEAD
ALSO A MILITARY RANK
LIT-POURRI
CHEMICAL ELEMENT SPELLING
(Alex: You have to give us the word, made from the symbols of the elements we will give you in the clue.)
    $200 21
Brazil

Nikki
    $200 14
Ivory (soap)

Justin
    $200 6
San Jose

Nikki
    $200 23
corporal

Justin
    $200 2
14

Katie
    $200 1
ice

Justin
    $400 22
(Alex: You are right with less than a minute to go now.)

George V

Katie
    $400 15
Coppertone

Katie
    $400 10
Deadheads

Justin
    $400 3
Alice in Wonderland

Nikki
    $1,000 8
cup

Nikki
    $600 27
[The end-of-round signal sounds.]

Madagascar

Nikki
    $600 17
Grey Poupon

Nikki
    $600 11
Jerry Garcia

Justin
    $600 24
major

Katie
    $600 4
Tom Jones

Triple Stumper
    $600 9
acre

Justin
    $800 19
Blue Diamond almonds

Triple Stumper
    $800 12
(Ken) Kesey

Justin
    $800 25
vice

Triple Stumper
    $800 5
(Benjamin) Disraeli

Justin
    $800 16
(Katie: What is vase?)

verse

Katie
Triple Stumper
    $1000 20
Aqua Net

Triple Stumper
    $1000 13
"Truckin'"

Triple Stumper
    $1000 26
ensign

Triple Stumper
    $1000 7
Samuel Beckett

Triple Stumper
    $1000 18
path

Triple Stumper

Scores at the first commercial break (after clue 15):

Nikki Katie Justin
$1,600 $600 $3,600

Scores at the end of the Jeopardy! Round:

Nikki Katie Justin
$3,000 $800 $3,800

Double Jeopardy! Round responses

MY MOVIE CHARACTERS
(Alex: We'll give you the characters. You identify the star.)
QUOTATIONS IN AMERICAN HISTORY
LEGAL LINGO
WE ADMINISTER!
(Alex: You name the country that administers the territory we give you.)
"AB"SOLUTELY
COSTUMES AT THE METROPOLITAN OPERA
(Alex: A visit to the costume department at the Metropolitan Opera. [Thumps bass drum])
    $400 2
Scarlett Johansson

Nikki
    $400 13
(George) Washington

Nikki
    $400 18
stay

Justin
    $400 19
the U.S.

Nikki
    $400 1
a tablet

Nikki
    $400 11
(Alex: Yep. Why are you laughing at me?)
(Nikki: I was--you're so handsome, I was overwhelmed.)
[Laughter]
(Alex: You're supposed to say, I looked so regal. Select again.)

Henry VIII

Nikki
    $800 3
Chris Pratt

Justin
    $800 14
Susan B. Anthony

Katie
    $800 25
petty

Katie
    $800 21
United Kingdom

Justin
    $800 7
(Justin: What is abstract?)

an aberration

Justin
Triple Stumper
    $800 12
Enrico Caruso

Triple Stumper
    $1200 4
Reese Witherspoon

Katie
    $1,000 15
perish from the Earth

Katie
    $1200 26
venue

Triple Stumper
    $1200 22
(Justin: What is Egypt?)
...
(Alex: Now Morocco does.)

Spain

Justin
Triple Stumper
    $1200 8
a squab

Nikki
    $1200 16
Giuseppe Verdi

Triple Stumper
    $1600 5
(Alex: That was [*] in Immortal Beloved and JFK.)

Gary Oldman

Triple Stumper
    $1600 17
(Katie: What is "try men's hearts"?)

try men's souls

Katie
Triple Stumper
    $1600 29
usury

Nikki
    $1600 23
France

Triple Stumper
    $1600 9
an abstract

Triple Stumper
    $1600 27
(Nikki: Who is Satan?)

Mephistopheles

Nikki
Triple Stumper
    $2000 6
(Justin: Who is Jason Segel?)
...
(Alex: Little Buddha and Bill and Ted's Excellent Adventure.)

Keanu Reeves

Justin
Triple Stumper
    $2000 20
the table of brotherhood

Triple Stumper
    $2000 30
sedition

Triple Stumper
    $2000 24
New Zealand

Triple Stumper
    $2000 10
(Alex: You've just doubled your score to $4,000.)

a vagabond

Katie
    $1,000 28
(Alex: Before we move on, a quick thank-you to the wonderful people at the Metropolitan Opera for helping us prepare that category. We had a lot of fun, and it was a lot of work. And if you'd like to see some of the behind-the-scenes activity, go to jeopardy.com.)

Madame Butterfly

Katie

Scores at the end of the Double Jeopardy! Round:

Nikki Katie Justin
$6,200 $6,000 $1,800

[wagering suggestions for these scores]

Final Jeopardy! Round responses

COLLEGES & UNIVERSITIES
JustinWhat is Carnegie Mellon
$1,698
KatieWhat is Carnegie Univ.
$1,000
NikkiWhat is Carnegie-Mellon?
$5,801
Vanderbilt University

Final scores:

Nikki Katie Justin
$399 $5,000 $102
2nd place: $2,000 New champion: $5,000 3rd place: $1,000

Game dynamics:

Coryat scores:

Nikki Katie Justin
$5,600 $7,200 $1,800
13 R
(including 1 DD),
1 W
10 R
(including 2 DDs),
2 W
11 R,
3 W

Combined Coryat: $14,600

The J! Archive is created by fans, for fans. The Jeopardy! game show and all elements thereof, including but not limited to copyright and trademark thereto, are the property of Jeopardy Productions, Inc. and are protected under law. This website is not affiliated with, sponsored by, or operated by Jeopardy Productions, Inc. Join the discussion at JBoard.tv.